<?xml version="1.0" encoding="UTF-8"?>
<record
    xmlns:xsi="http://www.w3.org/2001/XMLSchema-instance"
    xsi:schemaLocation="http://www.loc.gov/MARC21/slim http://www.loc.gov/standards/marcxml/schema/MARC21slim.xsd"
    xmlns="http://www.loc.gov/MARC21/slim">

  <leader>01949nam a22003137a 4500</leader>
  <datafield tag="999" ind1=" " ind2=" ">
    <subfield code="c">94121</subfield>
    <subfield code="d">94121</subfield>
  </datafield>
  <controlfield tag="003">NALT</controlfield>
  <controlfield tag="005">20250624152828.0</controlfield>
  <controlfield tag="008">180109b        th ||||| |||| 00| 0 tha d</controlfield>
  <datafield tag="020" ind1=" " ind2=" ">
    <subfield code="a">9789741360772</subfield>
  </datafield>
  <datafield tag="040" ind1=" " ind2=" ">
    <subfield code="a">NALT</subfield>
  </datafield>
  <datafield tag="050" ind1=" " ind2=" ">
    <subfield code="a">DS 575.5.R8</subfield>
    <subfield code="b">&#xE02;281 2550</subfield>
  </datafield>
  <datafield tag="245" ind1="0" ind2="0">
    <subfield code="a">&#xE02;&#xE2D;&#xE07;&#xE40;&#xE1E;&#xE37;&#xE48;&#xE2D;&#xE19;&#xE43;&#xE2B;&#xE49; /</subfield>
    <subfield code="c">&#xE08;&#xE31;&#xE14;&#xE17;&#xE33;&#xE42;&#xE14;&#xE22; &#xE2A;&#xE16;&#xE32;&#xE19;&#xE40;&#xE2D;&#xE01;&#xE2D;&#xE31;&#xE04;&#xE23;&#xE23;&#xE32;&#xE0A;&#xE11;&#xE39;&#xE15; &#xE13; &#xE01;&#xE23;&#xE38;&#xE07;&#xE21;&#xE2D;&#xE2A;&#xE42;&#xE01; ; &#xE04;&#xE13;&#xE30;&#xE1C;&#xE39;&#xE49;&#xE40;&#xE02;&#xE35;&#xE22;&#xE19; &#xE21;.&#xE23;.&#xE27;.&#xE40;&#xE17;&#xE1E; &#xE40;&#xE17;&#xE27;&#xE01;&#xE38;&#xE25;...[&#xE41;&#xE25;&#xE30;&#xE04;&#xE19;&#xE2D;&#xE37;&#xE48;&#xE19;&#xE46;].</subfield>
  </datafield>
  <datafield tag="246" ind1="3" ind2="8">
    <subfield code="a">&#xE02;&#xE2D;&#xE07;&#xE40;&#xE1E;&#xE37;&#xE48;&#xE2D;&#xE19;&#xE43;&#xE2B;&#xE49; : </subfield>
    <subfield code="b">&#xE01;&#xE32;&#xE23;&#xE04;&#xE23;&#xE1A;&#xE23;&#xE2D;&#xE1A; 110 &#xE1B;&#xE35; &#xE04;&#xE27;&#xE32;&#xE21;&#xE2A;&#xE31;&#xE21;&#xE1E;&#xE31;&#xE19;&#xE18;&#xE4C;&#xE23;&#xE30;&#xE2B;&#xE27;&#xE48;&#xE32;&#xE07;&#xE44;&#xE17;&#xE22;&#xE01;&#xE31;&#xE1A;&#xE23;&#xE31;&#xE2A;&#xE40;&#xE0B;&#xE35;&#xE22; </subfield>
  </datafield>
  <datafield tag="260" ind1=" " ind2=" ">
    <subfield code="a">&#xE01;&#xE23;&#xE38;&#xE07;&#xE40;&#xE17;&#xE1E;&#xE2F; :</subfield>
    <subfield code="b">&#xE1A;&#xE38;&#xE0D;&#xE23;&#xE2D;&#xE14;&#xE40;&#xE17;&#xE23;&#xE14;&#xE14;&#xE34;&#xE49;&#xE07; &#xE2D;&#xE34;&#xE19;&#xE40;&#xE15;&#xE2D;&#xE23;&#xE4C;&#xE40;&#xE19;&#xE0A;&#xE31;&#xE48;&#xE19;&#xE41;&#xE19;&#xE25;,</subfield>
    <subfield code="c">2550.</subfield>
  </datafield>
  <datafield tag="651" ind1=" " ind2="4">
    <subfield code="a"> &#xE44;&#xE17;&#xE22; </subfield>
    <subfield code="x">&#xE04;&#xE27;&#xE32;&#xE21;&#xE2A;&#xE31;&#xE21;&#xE1E;&#xE31;&#xE19;&#xE18;&#xE4C;&#xE01;&#xE31;&#xE1A;&#xE15;&#xE48;&#xE32;&#xE07;&#xE1B;&#xE23;&#xE30;&#xE40;&#xE17;&#xE28;</subfield>
    <subfield code="z">&#xE23;&#xE31;&#xE2A;&#xE40;&#xE0B;&#xE35;&#xE22;</subfield>
    <subfield code="9">17953</subfield>
  </datafield>
  <datafield tag="651" ind1=" " ind2="4">
    <subfield code="a">&#xE23;&#xE31;&#xE2A;&#xE40;&#xE0B;&#xE35;&#xE22;</subfield>
    <subfield code="x">&#xE04;&#xE27;&#xE32;&#xE21;&#xE2A;&#xE31;&#xE21;&#xE1E;&#xE31;&#xE19;&#xE18;&#xE4C;&#xE01;&#xE31;&#xE1A;&#xE15;&#xE48;&#xE32;&#xE07;&#xE1B;&#xE23;&#xE30;&#xE40;&#xE17;&#xE28;  </subfield>
    <subfield code="z">&#xE44;&#xE17;&#xE22;</subfield>
    <subfield code="9">17956</subfield>
  </datafield>
  <datafield tag="700" ind1="0" ind2=" ">
    <subfield code="9">24617</subfield>
    <subfield code="a">&#xE40;&#xE17;&#xE1E; &#xE40;&#xE17;&#xE27;&#xE01;&#xE38;&#xE25;,</subfield>
    <subfield code="c">&#xE21;.&#xE23;.&#xE27;.</subfield>
  </datafield>
  <datafield tag="700" ind1="0" ind2=" ">
    <subfield code="a">&#xE19;&#xE23;&#xE19;&#xE34;&#xE15;&#xE34; &#xE40;&#xE28;&#xE23;&#xE29;&#xE10;&#xE1A;&#xE38;&#xE15;&#xE23;.</subfield>
    <subfield code="9">5071</subfield>
  </datafield>
  <datafield tag="700" ind1="0" ind2=" ">
    <subfield code="a">&#xE18;&#xE07;&#xE17;&#xE2D;&#xE07; &#xE08;&#xE31;&#xE19;&#xE17;&#xE23;&#xE32;&#xE07;&#xE28;&#xE38;</subfield>
    <subfield code="9">12154</subfield>
  </datafield>
  <datafield tag="700" ind1="1" ind2=" ">
    <subfield code="9">24618</subfield>
    <subfield code="a">&#xE04;&#xE32;&#xE23;&#xE4C;&#xE0A;&#xE32;&#xE27;&#xE32;, &#xE2D;&#xE32;&#xE40;&#xE25;&#xE47;&#xE01;&#xE0B;&#xE32;&#xE19;&#xE40;&#xE14;&#xE2D;&#xE23;&#xE4C;</subfield>
  </datafield>
  <datafield tag="700" ind1="0" ind2=" ">
    <subfield code="9">24619</subfield>
    <subfield code="a">&#xE2D;&#xE34;&#xE28;&#xE23; &#xE1B;&#xE01;&#xE21;&#xE19;&#xE15;&#xE23;&#xE35;</subfield>
  </datafield>
  <datafield tag="700" ind1="0" ind2=" ">
    <subfield code="9">24620</subfield>
    <subfield code="a">&#xE27;&#xE31;&#xE12;&#xE19;&#xE30; &#xE04;&#xE38;&#xE49;&#xE19;&#xE27;&#xE07;&#xE28;&#xE4C;</subfield>
  </datafield>
  <datafield tag="700" ind1="1" ind2=" ">
    <subfield code="9">24621</subfield>
    <subfield code="a">&#xE40;&#xE1A;&#xE40;&#xE25;&#xE19;&#xE01;&#xE35;&#xE49;, &#xE40;&#xE22;&#xE1F;&#xE40;&#xE01;&#xE19;&#xE35;</subfield>
  </datafield>
  <datafield tag="710" ind1="2" ind2=" ">
    <subfield code="9">24623</subfield>
    <subfield code="a">&#xE2A;&#xE16;&#xE32;&#xE19;&#xE40;&#xE2D;&#xE01;&#xE2D;&#xE31;&#xE04;&#xE23;&#xE23;&#xE32;&#xE0A;&#xE11;&#xE39;&#xE15; &#xE13; &#xE01;&#xE23;&#xE38;&#xE07;&#xE21;&#xE2D;&#xE2A;&#xE42;&#xE01;</subfield>
  </datafield>
  <datafield tag="850" ind1=" " ind2=" ">
    <subfield code="a">NALT</subfield>
  </datafield>
  <datafield tag="942" ind1=" " ind2=" ">
    <subfield code="c">GB</subfield>
    <subfield code="2">lcc</subfield>
  </datafield>
  <datafield tag="998" ind1=" " ind2=" ">
    <subfield code="a">bijaya</subfield>
    <subfield code="j">104</subfield>
    <subfield code="k"> &#xE19;&#xE32;&#xE07;&#xE2A;&#xE32;&#xE27;&#xE2A;&#xE32;&#xE22;&#xE1D;&#xE19;  &#xE14;&#xE35;&#xE07;&#xE32;&#xE21;</subfield>
  </datafield>
  <datafield tag="952" ind1=" " ind2=" ">
    <subfield code="0">0</subfield>
    <subfield code="1">0</subfield>
    <subfield code="2">lcc</subfield>
    <subfield code="4">0</subfield>
    <subfield code="7">0</subfield>
    <subfield code="8">CGBL</subfield>
    <subfield code="a">NALT</subfield>
    <subfield code="b">NALT</subfield>
    <subfield code="d">2018-01-09</subfield>
    <subfield code="l">0</subfield>
    <subfield code="o">DS 575.5.R8 &#xE02;281 2550</subfield>
    <subfield code="p">3961207701</subfield>
    <subfield code="r">2018-01-11 00:00:00</subfield>
    <subfield code="w">2018-01-09</subfield>
    <subfield code="y">GB</subfield>
  </datafield>
</record>
